Largest Cities in The United Kingdom 1911-1931 - Statistics

General Stats
  • This quiz has been taken 52 times
  • The average score is 49 of 66
Answer Stats
City 1911 % Change % Correct
(Inner London) 4,986,291 27.9
100%
(Inner London) 4,969,917 -0.3
100%
(Inner London) 4,875,736 -1.9
100%
London 7,157,729 51.9
100%
London 7,382,131 3.1
100%
London 8,098,206 9.7
100%
Manchester 710,062 36.4
100%
Manchester 722,198 1.7
100%
Manchester 748,729 3.7
100%
(Outer London) 2,171,438 167.6
100%
(Outer London) 2,412,214 11.1
100%
(Outer London) 3,222,470 33.6
100%
Liverpool 772,380 18.9
98%
Liverpool 818,435 6.0
98%
Liverpool 846,302 3.4
98%
Glasgow 1,004,268 59.5
96%
Glasgow 1,049,207 4.5
96%
Glasgow 1,088,083 3.7
96%
Birmingham 846,550 59.5
94%
Birmingham 943,941 11.5
94%
Birmingham 1,030,965 9.2
94%
Edinburgh 436,456 47.1
89%
Edinburgh 420,880 -3.6
89%
Edinburgh 438,297 4.1
89%
Leeds 609,183 39.9
89%
Leeds 617,725 1.4
89%
Leeds 649,143 5.1
89%
Sheffield 523,371 56.1
89%
Sheffield 557,632 6.5
89%
Sheffield 561,366 0.7
89%
Nottingham 268,430 45.3
81%
Nottingham 263,406 -1.9
81%
Nottingham 274,713 4.3
81%
Belfast 386,947 85.9
74%
Belfast 415,151 7.3
74%
Belfast 438,086 5.5
74%
Bradford 436,284 21.6
74%
Bradford 434,597 -0.4
74%
Bradford 445,775 2.6
74%
Bristol 347,971 32.0
74%
Bristol 367,620 5.6
74%
Bristol 382,574 4.1
74%
Newcastle 293,999 79.6
74%
Newcastle 313,010 6.5
74%
Newcastle 324,854 3.8
74%
Leicester 252,450 6.5
70%
Portsmouth 234,273 80.1
66%
Portsmouth 248,082 5.9
66%
Portsmouth 252,185 1.7
66%
Hull 280,441 68.3
60%
Hull 290,548 3.6
60%
Hull 310,349 6.8
60%
Dublin 304,802 -12.8
45%
Stoke-on-Trent 257,516 112.9
45%
Stoke-on-Trent 264,411 2.7
45%
Stoke-on-Trent 272,134 2.9
45%
Sunderland 262,593 43.8
34%
Sunderland 278,047 5.9
34%
Sunderland 281,948 1.4
34%
Bolton 265,084 43.0
32%
Bolton 262,045 -1.1
32%
Bolton 260,406 -0.6
32%
Oldham 258,787 28.9
19%
Oldham 259,626 0.3
19%
Wirral 271,175 18.4
4%
Wirral 292,669 7.9
4%
No matching quizzes found
Score Distribution
Percent of People with Each Score
Percentile by Number Answered
Your Score History
You have not taken this quiz